000 00710nam a2200229Ia 4500
001 9893
003 GE_BSU
008 181216s||||||||xx |||||||||||||| ||und||
020 _a9789994059645
040 _cGE_BSU
080 _a821.353.1-1
100 _aნონეშვილი,იოსებ
245 _aასი ლექსი
245 _cშემდგ:ალექსანდრე ნონეშვილი;წინასიტყ. დათო მაღრაძე
260 _aთბილისი.
260 _bინტელექტი.
260 _c2007.
300 _a180გვ;20სმ.
541 _h5ლ.80თ.
653 _aასი ლექსი
942 _cBK
999 _c43171
_d43171